[Event "RSA-ch U12"]
[Site "Gauteng"]
[Date "2017.04.11"]
[Round "11"]
[White "Smit, Yoshua"]
[Black "Collier, Zachary"]
[Result "1-0"]
[WhiteElo "968"]
[BlackElo "1003"]
[PlyCount "60"]
[EventDate "2017.04.05"]
[EventType "swiss"]
[EventRounds "11"]
[EventCountry "RSA"]
[SourceTitle "CBM 177 Extra"]
[Source "ChessBase"]
[SourceDate "2017.04.27"]
[SourceVersion "1"]
[SourceVersionDate "2017.04.27"]
[SourceQuality "1"]

1. d4 Nf6 2. c4 d6 3. Nc3 g6 4. e4 Bg7 5. Bg5 Nbd7 6. f3 0-0 7. Qd2 c5 8. d5 a5 9. Nb5 b6 10. Nh3 Ba6 11. Nf2 Bxb5 12. cxb5 Rc8 13. b3 Nxe4 14. Nxe4 Bxa1 15. Nxd6 Rc7 16. Nc4 f6 17. Be3 Bd4 18. Bxd4 cxd4 19. Qxd4 Ne5 20. Nxb6 Rc1+ 21. Kd2 Qc7 22. Nc4 Rb1 23. Kc2 Re1 24. Qc3 Nxc4 25. Qxe1 Ne5+ 26. Qc3 Qxc3+ 27. Kxc3 Rc8+ 28. Kd2 Rc5 29. Bc4 Rxc4 30. bxc4 Nxc4+ 1-0